<?xml version="1.0" encoding="UTF-8"?>
<record
    xmlns:xsi="http://www.w3.org/2001/XMLSchema-instance"
    xsi:schemaLocation="http://www.loc.gov/MARC21/slim http://www.loc.gov/standards/marcxml/schema/MARC21slim.xsd"
    xmlns="http://www.loc.gov/MARC21/slim">

  <leader>00657nam a22002177a 4500</leader>
  <datafield tag="952" ind1=" " ind2=" ">
    <subfield code="a">0001</subfield>
    <subfield code="b">0001</subfield>
    <subfield code="d">2023-02-20</subfield>
    <subfield code="l">0</subfield>
    <subfield code="o">813.42 N59&#xE7; 2016</subfield>
    <subfield code="p">020726</subfield>
    <subfield code="r">2023-02-20 00:00:00</subfield>
    <subfield code="w">2023-02-20</subfield>
    <subfield code="y">BKS</subfield>
  </datafield>
  <datafield tag="999" ind1=" " ind2=" ">
    <subfield code="c">15154</subfield>
    <subfield code="d">15154</subfield>
  </datafield>
  <controlfield tag="003">MIRAKIL</controlfield>
  <controlfield tag="005">20230220124026.0</controlfield>
  <controlfield tag="008">230220b        tu ||||| |||| 00| 0 tur d</controlfield>
  <datafield tag="020" ind1=" " ind2=" ">
    <subfield code="a">9789754372762</subfield>
  </datafield>
  <datafield tag="040" ind1=" " ind2=" ">
    <subfield code="a">TR-AnCHP</subfield>
    <subfield code="c">TR-AnCHP</subfield>
  </datafield>
  <datafield tag="041" ind1=" " ind2=" ">
    <subfield code="a">tur</subfield>
  </datafield>
  <datafield tag="082" ind1=" " ind2=" ">
    <subfield code="a">813.42</subfield>
    <subfield code="b">N59&#xE7; 2016</subfield>
  </datafield>
  <datafield tag="100" ind1=" " ind2=" ">
    <subfield code="a">Niyazi, Mehmet</subfield>
  </datafield>
  <datafield tag="245" ind1="1" ind2="0">
    <subfield code="a">&#xC7;anakkale mah&#x15F;eri : </subfield>
    <subfield code="b">(roman) / </subfield>
    <subfield code="c">Mehmed Niyazi.</subfield>
  </datafield>
  <datafield tag="260" ind1=" " ind2=" ">
    <subfield code="a">&#x130;stanbul : </subfield>
    <subfield code="b">&#xD6;t&#xFC;ken Ne&#x15F;riyat,</subfield>
    <subfield code="c">2016.</subfield>
  </datafield>
  <datafield tag="300" ind1=" " ind2=" ">
    <subfield code="a">448 s. ;	</subfield>
    <subfield code="c">22 sm.</subfield>
  </datafield>
  <datafield tag="490" ind1="0" ind2=" ">
    <subfield code="a">&#xD6;t&#xFC;ken Ne&#x15F;riyat ; </subfield>
    <subfield code="a">Edebi eserler ; </subfield>
    <subfield code="v">yay&#x131;n nu: 409. </subfield>
    <subfield code="v">207.</subfield>
  </datafield>
  <datafield tag="650" ind1=" " ind2="0">
    <subfield code="9">19</subfield>
    <subfield code="a">T&#xFC;rk edebiyat&#x131;</subfield>
    <subfield code="x">Roman</subfield>
  </datafield>
  <datafield tag="650" ind1=" " ind2="0">
    <subfield code="9">5121</subfield>
    <subfield code="a">&#xC7;anakkale sava&#x15F;&#x131;</subfield>
  </datafield>
  <datafield tag="942" ind1=" " ind2=" ">
    <subfield code="2">ddc</subfield>
    <subfield code="c">BKS</subfield>
  </datafield>
</record>
